|
|
|
|
| LEADER |
01240nam a2200277 a 4500 |
| 001 |
13731810 |
| 003 |
BD-DhAAL |
| 008 |
091007s2005 mauab b 001 0 eng d |
| 010 |
|
|
|a 2004022761
|
| 020 |
|
|
|a 0763723770
|
| 040 |
|
|
|a DLC
|c DLC
|d DLC
|
| 082 |
0 |
0 |
|a 362.196/98
|2 22
|
| 100 |
1 |
|
|a Hilgenkamp, Kathryn,
|d 1952-
|9 57935
|
| 245 |
1 |
0 |
|a Environmental health :
|b ecological perspectives /
|c Kathryn Hilgenkamp.
|
| 260 |
|
|
|a Sudbury, Mass. :
|b Jones and Bartlett Publishers,
|c 2005.
|
| 300 |
|
|
|a xviii, 381 pages :
|b ill., maps ;
|c 28 cm.
|
| 504 |
|
|
|a Includes bibliographical references and index.
|
| 526 |
|
|
|x Salim khan
Sr. program Associate
James P. Grant School.
Course name and no. N/A
|
| 541 |
1 |
|
|a Karim International
|e 00018387
|
| 650 |
|
0 |
|a Environmental health.
|
| 650 |
|
0 |
|a Human ecology
|x Health aspects.
|9 57936
|
| 650 |
|
0 |
|a Ecology.
|
| 852 |
4 |
|
|a Ayesha Abed Library
|j General Shelf.
|
| 942 |
|
|
|2 ddc
|c BK
|
| 999 |
|
|
|c 4348
|d 4348
|
| 952 |
|
|
|0 0
|1 0
|2 ddc
|4 0
|6 362_196980000000000_HIL_2006
|7 0
|9 4042
|a BRACUL
|b BRACUL
|c GEN
|d 2009-10-10
|e Karim International
|g 2500.00
|l 3
|m 33
|o 362.19698 HIL
|p 3010018387
|r 2018-10-23
|s 2018-09-22
|t 1
|w 2009-10-10
|y BK
|x Requisitioned by Salim khan, Sr. program Associate, James P. Grant School. Course name and no. N/A
|